Normal view
MARC view
- Transportation
Entry Topical Term
001 - CONTROL NUMBER
- control field: 36183
003 - CONTROL NUMBER IDENTIFIER
- control field: NUST
005 - DATE AND TIME OF LATEST TRANSACTION
- control field: 20210312152113.0
008 - FIXED-LENGTH DATA ELEMENTS
- fixed length control field: 210312|| aca||aabn | a|a d
040 ## - CATALOGING SOURCE
- Original cataloging agency: NUST
- Transcribing agency: NUST
150 ## - HEADING--TOPICAL TERM
- Topical term or geographic name entry element: Transportation
- Topical term following geographic name entry element: Syn-32
670 ## - SOURCE DATA FOUND
- Source citation: Work cat.: (NUST)15132: Capt Muhammad Hamza Nawaz 36182, Accident Analysis on M1 & M2 & Suggesting Cost-Effective Indegenious Solution to Prvent Run-Off Accidents , 2020.
